Welcome to CU Library Online Public Access Catalogue (OPAC)

Principles of cost accounting (Record no. 4016)

MARC details
000 -LEADER
fixed length control field 00346nam a22001337a 4500
005 - DATE AND TIME OF LATEST TRANSACTION
control field 20250221105126.0
008 - FIXED-LENGTH DATA ELEMENTS--GENERAL INFORMATION
fixed length control field 250221b |||||||| |||| 00| 0 eng d
050 ## - LIBRARY OF CONGRESS CALL NUMBER
Classification number HF5686
Item number .C8 APP
100 ## - MAIN ENTRY--PERSONAL NAME
Personal name Appiah-Mensah, Kwame Botsio
245 ## - TITLE STATEMENT
Title Principles of cost accounting
260 ## - PUBLICATION, DISTRIBUTION, ETC.
Place of publication, distribution, etc. Accra
Name of publisher, distributor, etc. Nabb Publications
300 ## - PHYSICAL DESCRIPTION
Extent 192p
942 ## - ADDED ENTRY ELEMENTS (KOHA)
Source of classification or shelving scheme Library of Congress Classification
Koha item type Books
Suppress in OPAC No
999 ## -
-- 4016
-- 4016
Holdings
Withdrawn status Lost status Source of classification or shelving scheme Damaged status Not for loan Collection Home library Current library Shelving location Date acquired Total checkouts Full call number Barcode Date last seen Copy number Price effective from Koha item type
    Library of Congress Classification     Non-fiction Undergraduate Library (Christ Temple) Undergraduate Library (Christ Temple) General stacks 02/21/2025   HF5686.C8 APP ulct00001311 02/21/2025 1 02/21/2025 Books
    Library of Congress Classification     Non-fiction Undergraduate Library (Christ Temple) Undergraduate Library (Christ Temple) General stacks 02/21/2025   HF5686.C8 APP ulct00001312 02/21/2025 2 02/21/2025 Books
© 2023-2024 Copyright: Central University Libraries. All Rights Reserved | Created by: Mahone Tech Office